De la razón mediática: estado y política y medios de comunicación posmodernos

Guardat en:
Dades bibliogràfiques
Autor principal: Papi Beyer, Mario (autor)
Format: Llibre
Idioma:espanyol
Publicat: Santiago LexisNexis 2005
Edició:1a. ed
Matèries:
Etiquetes: Afegir etiqueta
Sense etiquetes, Sigues el primer a etiquetar aquest registre!

MARC

LEADER 00000cam a2200000 a 4500
001 UCK7711
003 CL-VaPUC
008 051202e20050000CL |||||||||||||||||spa|d
020 |a 9562385698 
082 0 4 |a 320.1  |b PAP  |2 21 
100 |a Papi Beyer, Mario  |e autor  |9 815354 
245 1 0 |a De la razón mediática: estado y política y medios de comunicación posmodernos 
250 |a 1a. ed 
300 |a 345 p 
942 |c BK 
945 |d 20051202 00:00:00  |a jtorresc 
260 |a Santiago  |b LexisNexis  |c 2005 
650 0 |a Medios de comunicación  |9 257206 
650 7 |a ESTADO Y POLITICA  |2 CL-VaPUC  |9 394294 
650 7 |a FILOSOFIA POLITICA  |2 CL-VaPUC  |9 497279 
650 0 |a Política económica   |9 255029 
650 0 |a Liberalismo  |9 255715 
583 |a last modification  |c 20160624 03:10:18  |k Rodrigo Vera 
999 |c 315561  |d 315559 
952 |0 0  |1 0  |4 0  |6 320_100000000000000_PAP_2005  |7 0  |8 A  |9 388925  |a BIBHIS  |b BIBHIS  |d 2019-11-22  |i 4190807  |o 320.1 PAP 2005  |p 4190807  |r 2025-01-20  |w 2019-11-22  |y BK  |k HIS 
952 |0 0  |1 0  |4 0  |6 320_100000000000000_PAP_2005  |7 0  |8 A  |9 388926  |a BIBDER  |b BIBDER  |d 2019-11-22  |i 4197224  |o 320.1 PAP 2005  |p 4197224  |r 2023-01-25  |w 2019-11-22  |y BK  |k DER 
952 |0 0  |1 0  |3 erb  |4 0  |6 320_100000000000000_PAP_2005  |7 0  |8 A  |9 388927  |a FDOHBE  |b FDOHBE  |e Huesbe Llanos, Marco Antonio, 1934-  |i 533134K  |o 320.1 PAP 2005  |p 533134K  |r 2024-01-30  |w 2019-11-22  |y BK  |z Catalogado en:20160701  |k HBE